LIBRARY & INFORMATION CENTRE, KCAET, TAVANUR

ONLINE PUBLIC ACCESS CATALOGUE (OPAC)

Comparative study of subsurface flow constructed wetland method and coagulatiob method for waste water treatment (Record no. 15719)

MARC details
000 -LEADER
fixed length control field 00497nam a22001577a 4500
003 - CONTROL NUMBER IDENTIFIER
control field OSt
082 ## - DEWEY DECIMAL CLASSIFICATION NUMBER
Classification number 631.587
Item number ATH/C
088 ## - REPORT NUMBER
Report number P 451
100 ## - MAIN ENTRY--AUTHOR NAME
Personal name Athira P M
100 ## - MAIN ENTRY--AUTHOR NAME
Personal name Chithra M R
100 ## - MAIN ENTRY--AUTHOR NAME
Personal name Dibisha K Das
245 ## - TITLE STATEMENT
Title Comparative study of subsurface flow constructed wetland method and coagulatiob method for waste water treatment
260 ## - PUBLICATION, DISTRIBUTION, ETC. (IMPRINT)
Place of publication Tavanur
Name of publisher Department of Soil and water conservation engineering
Year of publication 2018
700 ## - ADDED ENTRY--PERSONAL NAME
Personal name JInu A (guide)
942 ## - ADDED ENTRY ELEMENTS (KOHA)
Koha item type Project Report
Holdings
Collection code Home library Current library Shelving location Full call number Accession Number Koha item type
Reference KAUAET KAUAET Reference 631.587 ATH/C P 451 Project Report
free website counter